| 000 | 00646cab a2200217 4500 | ||
|---|---|---|---|
| 001 | ABS52208 | ||
| 008 | 090401t1995 xxu||||| |||| 00| 0 eng d | ||
| 035 | _a(Sirsi) u65810 | ||
| 041 | _aeng | ||
| 100 | _aHamer, M. | ||
| 245 | 2 | _aA growing desire for streetcars | |
| 260 | _c1995 | ||
| 350 | _a0 | ||
| 490 |
_aNew Scientist _v145(1962) 28 January 1995, 14-15(2) |
||
| 520 | _aReports on the growing popularity of trams following the government decision to approve the £15m Croydon Tramlink. | ||
| 650 | _aCROYDON TRAMLINK | ||
| 650 | _aLIGHT RAILWAYS | ||
| 690 | _aTRANSPORT AND COMMUNICATIONS | ||
| 942 | _n0 | ||
| 948 | _c04/03/1997 | ||
| 999 |
_c41088 _d41088 |
||